Estatísticas para Órgãos do Corpo Humano (com mapa)

Clique aqui para jogar o quiz

Estatísticas Gerais

  • Esse quiz foi jogado 27 721 vezes
  • A pontuação média é 9 de 12

Respostas no mapa

Respostas codificadas por cores de uma escala verde-vermelha no mapa do quiz de acordo com a % correta abaixo.
 

Estatísticas das Respostas

Órgãos% Correto
Cérebro
99%
Pulmões
99%
Intestino Grosso
92%
Fígado
91%
Intestino Delgado
90%
Estômago
87%
Bexiga
79%
Rins
77%
Coração
76%
Pâncreas
66%
Baço
35%
Vesícula Biliar
24%

Distribuição das Pontuações

Percentil de Números Respondidos

Porcentagem de Pessoas com Cada Pontuação

Sua Pontuação Histórica

Você não jogou esse quiz